Papermaking Science and Technology Book 4: Papermaking Chemistry
Gespeichert in:
| Weitere Verfasser: | |
|---|---|
| Format: | Buch |
| Sprache: | Englisch |
| Veröffentlicht: |
Helsinki
Fapet Oy
1999
|
| Schlagworte: | |
| Online-Zugang: | Im OPAC anzeigen |
| Tags: |
Keine Tags, Fügen Sie das erste Tag hinzu!
|
MARC
| LEADER | 00000nam a2200000 a 4500 | ||
|---|---|---|---|
| 005 | 20260127133926.0 | ||
| 008 | 060327 1998 fi 000 0 eng d | ||
| 020 | |a 9525216047 | ||
| 035 | |a vtls008639760 | ||
| 039 | 9 | |a 200603271231 |b mschk03 |c 200603271220 |d mschk03 |y 200603271217 |z mschk03 | |
| 040 | |a STUSCHK1 |b slo |c STUSCHK1 |e AACR2 | ||
| 080 | |a 676(03) | ||
| 245 | 1 | |a Papermaking Science and Technology |b Book 4: Papermaking Chemistry | |
| 260 | |a Helsinki |b Fapet Oy |c 1999 | ||
| 300 | |a 329 p. | ||
| 650 | 0 | |a papermaking science |x technology | |
| 700 | 1 | |a Neimo, Leo | |
| 910 | |a SCHK95 | ||
| 919 | |a 952-5216-04-7 | ||
| 999 | |c 183 |d 183 | ||